Bullying and students with disabilities strategies and techniques to create a safe learning environment for all
Guardat en:
| Autor principal: | |
|---|---|
| Format: | Llibre |
| Idioma: | anglès |
| Publicat: |
Corwin
2013
|
| Etiquetes: |
Afegir etiqueta
Sense etiquetes, Sigues el primer a etiquetar aquest registre!
|
MARC
| LEADER | 00000nam a22000007a 4500 | ||
|---|---|---|---|
| 008 | 210126b ||||| |||| 00| 0 eng d | ||
| 020 | |a 978-1-4522-8318-0 | ||
| 100 | |a McNAMARA, Barry Edwards | ||
| 245 | |a Bullying and students with disabilities |b strategies and techniques to create a safe learning environment for all |c Barry Edwards McNamara |g xi; 133p.; ill. | ||
| 260 | |b Corwin |c 2013 |h Thousand Oaks, California |i 692397 |i 692398 |l LB3013.32 .MQ3 |m Building |m Children with disabilities | ||
| 942 | |a lcc |c BK |e YUNUSA, A.A. |f 26/01/2021 | ||
| 952 | |0 0 |1 0 |2 lcc |4 0 |6 LB301332 M Q3 |7 0 |9 1858 |a HOL |b ED |c LP |d 2021-01-26 |l 0 |o LB3013.32 .MQ3 |p 2021-5726 |r 2021-01-26 00:00:00 |w 2021-01-26 |y BK | ||
| 952 | |0 0 |1 0 |2 lcc |4 0 |6 LB301332 M Q3 |7 0 |9 1859 |a HOL |b HOL |c LP |d 2021-01-26 |l 0 |o LB3013.32 .MQ3 |p 2021-5727 |r 2021-01-26 00:00:00 |w 2021-01-26 |y BK | ||
| 999 | |c 974 |d 974 | ||